000 00989pam a2200289 a 4500
001 1598734
003 OSt
005 20231018085849.0
008 941006s1995 paua b 001 0 eng c
010 _a 94040504
020 _a0750652349
040 _aDNLM/DLC
_cDLC
_dDLC
050 0 0 _aRB113
_b.P357 1995
060 0 0 _aQZ 18 P2974 1995
082 0 0 _aQZ 33P27d 2005.
100 _aDelva,Shamley; Paradiso, Catherine.
_910079
245 0 0 _aPathophysiology: an essential text for the allied health professions
260 _aedinburgh;
_bElservier.
_c2005.
300 _axiv, 470p. :
_bcol,ill. ;
_c27cm.
440 0 _aLippincott's review series
_91829
504 _aIncludes bibliographical references and index.
650 0 _aMCQs pathophysiology
_91830
650 0 _apathophysiology
_91831
906 _a7
_bcbc
_corignew
_d1
_eocip
_f19
_gy-gencatlg
942 _2z
_cO_SHELF
999 _c4685
_d4685